000
00276nam a2200121 4500
999
_c
9430
_d
9430
003
OSt
005
20210419171255.0
008
210419b ||||| |||| 00| 0 eng d
020
_a
9781568985367
082
_a
725.4
_b
HAD
245
_a
Zaha Hadid BMW central building
942
_2
ddc